| 000 | 00416nam a2200181Ia 4500 | ||
|---|---|---|---|
| 001 | 15527 | ||
| 005 | 20260306170202.0 | ||
| 008 | 260306t2013||||xx |||||||||||||| ||und|| | ||
| 041 | _aESP | ||
| 082 |
_a542.1 _bC28 |
||
| 100 |
_aCarrasco Venegas, Luis _eAUT |
||
| 245 | 0 |
_aQuĂmica experimental: _baplicaciones |
|
| 260 | _c2013 | ||
| 300 |
_a _c |
||
| 650 | _aGEN | ||
| 654 | _aCCN | ||
| 942 |
_cLIB _dJUS _fJUS _2ddc _n |
||
| 999 |
_c15527 _d15527 |
||